WWE WrestleMania 25 Match Card - Statistics

General Stats
  • This quiz has been taken 45 times
  • The average score is 31 of 52
Answer Stats
Match type Wrestler % Correct
Triple threat John Cena
100%
Singles Randy Orton
100%
Triple threat Edge
97%
Triple threat Big Show
94%
Singles Triple H
94%
Money in the Bank CM Punk
90%
Singles The Undertaker
90%
Extreme Rules Jeff Hardy
87%
Money in the Bank Kane
87%
Extreme Rules Matt Hardy
87%
Singles Shawn Michaels
87%
Money in the Bank Christian
84%
Handicap Elimination Chris Jericho
74%
Singles Rey Mysterio
74%
"Miss WrestleMania" Battle Royal Beth Phoenix
71%
"Miss WrestleMania" Battle Royal Santina Marella
71%
Singles John "Bradshaw" Layfield
68%
"Miss WrestleMania" Battle Royal Kelly Kelly
68%
Money in the Bank Kofi Kingston
68%
Money in the Bank Mark Henry
68%
Money in the Bank Shelton Benjamin
68%
"Miss WrestleMania" Battle Royal Michelle McCool
65%
Money in the Bank MVP
65%
"Miss WrestleMania" Battle Royal Layla
61%
Lumberjack The Miz
61%
Lumberjack John Morrison
58%
"Miss WrestleMania" Battle Royal Natalya
58%
"Miss WrestleMania" Battle Royal Brie Bella
55%
Handicap Elimination Jimmy Snuka
55%
"Miss WrestleMania" Battle Royal Mickie James
55%
"Miss WrestleMania" Battle Royal Nikki Bella
55%
"Miss WrestleMania" Battle Royal Alicia Fox
52%
Money in the Bank Finlay
52%
"Miss WrestleMania" Battle Royal Melina
52%
Handicap Elimination Ricky Steamboat
52%
Handicap Elimination Roddy Piper
52%
"Miss WrestleMania" Battle Royal Maryse
48%
Lumberjack Carlito
45%
"Miss WrestleMania" Battle Royal Eve Torres
45%
Lumberjack Primo
45%
"Miss WrestleMania" Battle Royal Jillian Hall
42%
"Miss WrestleMania" Battle Royal Victoria
42%
"Miss WrestleMania" Battle Royal Gail Kim
39%
"Miss WrestleMania" Battle Royal Molly Holly
39%
"Miss WrestleMania" Battle Royal Maria
35%
"Miss WrestleMania" Battle Royal Sunny
32%
"Miss WrestleMania" Battle Royal Torrie Wilson
32%
"Miss WrestleMania" Battle Royal Rosa Mendes
26%
"Miss WrestleMania" Battle Royal Tiffany
26%
"Miss WrestleMania" Battle Royal Joy Giovanni
23%
"Miss WrestleMania" Battle Royal Jackie Gayda
19%
"Miss WrestleMania" Battle Royal Katie Lea Burchill
19%
No matching quizzes found
Score Distribution
Percent of People with Each Score
Percentile by Number Answered
Your Score History
You have not taken this quiz